Statistics for Samuel L. Jackson Franchises

Click here to take the quiz!

General Stats

  • This quiz has been taken 36 times
    (13 since last reset)
  • The average score is 12 of 26

Answer Stats

YearsAnswer% Correct
2011-2014Captain America
92%
2008-2010Iron Man
92%
1999-presentStar Wars
92%
2012-2019The Avengers
92%
2011Thor
92%
2019-2023Captain Marvel
77%
2019Spider-Man
69%
2004-2018The Incredibles
62%
1995Die Hard
54%
2000-2019Glass
54%
2000-2019Shaft
54%
1993Jurassic Park
46%
2014-presentKingsman
46%
2017King Kong
38%
2002-2017XxX
38%
1988Coming to America
31%
2021Saw
31%
2007-2009Afro Samurai
23%
2004Kill Bill
23%
2014Robocop
23%
1990The Exorcist
23%
2017-2021The Hitman's Bodyguard
23%
2013Turbo
23%
1988National Lampoons
15%
2016Tarzan
15%
2021-presentWhat If...?
15%

Score Distribution

Percentile by Number Answered

Percent of People with Each Score

Your Score History

You have not taken this quiz since the last reset